000 00929nam a2200277 a 4500
001
003 DO-SdBNP
005 20210723115908.0
008 110330m1969 dr 001 0cspa d
040 _aBPMSU
_bspa
_c BPMSU
082 _a929.2
_bL333f 1967
_222
100 1 _aLarrazábal Blanco, Carlos,
_d1894-1989
245 1 0 _aFamilias dominicanas /
_cCarlos Larrazábal Blanco ; introducción de Emilio Rodríguez Demorizi.
260 _aSanto Domingo :
_bDel Caribe,
_c1967-
300 _av. ;
_c22 cm.
490 0 _aAcademia Dominicana de la Historia
_v 2
500 _a
590 _aInventariado, 2021/VM
650 4 _aFamilia
_zRepública Dominicana
_xHistoria
650 4 _aParentesco
651 4 _aRepública Dominicana
_xGenealogía
700 _aRodríguez Demorizi, Emilio,
_d1908-1986
_eintrod.
710 2 _aAcademia Dominicana de la Historia (República Dominicana)
910 _aVMateo V.
942 _2ddc
_cBK
999 _c13605
_d13605